| 000 | 00000cam 2200000zi 4500 |
| 001 | 9.955483 |
| 003 | CaOODSP |
| 005 | 20260604151742 |
| 006 | m o d f |
| 007 | cr bn||||||||| |
| 008 | 250918t20252025onc o f000 0 eng d |
| 020 | |a9780660790367 |
| 040 | |aCaOODSP|beng|erda|cCaOODSP |
| 043 | |an-cn--- |
| 086 | 1 |aBT42-663/2026E-PDF |
| 245 | 00|aShip Repair (all chargehand and production supervisor employees located on the East Coast) (SRC) agreement between the Treasury Board and the Federal Government Dockyard Chargehands Association Group. |
| 264 | 1|aOttawa ON : |bTreasury Board of Canada Secretariat = Secrétariat du Conseil du trésor du Canada, |c2025. |
| 264 | 4|c©2025 |
| 300 | |a1 online resource (99 pages) |
| 336 | |atext|btxt|2rdacontent |
| 337 | |acomputer|bc|2rdamedia |
| 338 | |aonline resource|bcr|2rdacarrier |
| 500 | |aIssued also in French under title: Réparation des navires (SRC) convention entre le Conseil du Trésor et l’Association des chefs d’équipe des chantiers maritimes du gouvernement fédéral : groupe : Réparation des navires |
| 500 | |aCover title. |
| 500 | |a"Code: 663." |
| 500 | |a"Expiry date: March 31, 2026." |
| 500 | |a"Published: 2025-08-11." |
| 650 | 0|aCollective labor agreements|xGovernment employees|zCanada. |
| 710 | 1 |aCanada. |bTreasury Board, |eissuing body. |
| 775 | 08|tRéparation des navires (SRC) convention entre le Conseil du Trésor et l’Association des chefs d’équipe des chantiers maritimes du gouvernement fédéral : |w(CaOODSP)9.955484 |
| 795 | |tAgreement between the Treasury Board and the Federal Government Dockyard Chargehands Association : |w(CaOODSP)9.881482 |
| 856 | 40|qPDF|s1.17 MB|uhttps://publications.gc.ca/collections/collection_2026/sct-tbs/BT42-663-2026-eng.pdf |
| 856 | 4 |qHTML|sN/A|uhttps://www.canada.ca/en/treasury-board-secretariat/topics/pay/collective-agreements/src.html |